000 00462pab a2200169 454500
008 180718b2016 xxu||||| |||| 00| 0 eng d
100 _aMunshi, Surendra
245 _aSocial change in India: reconsidering Ramkrishna Mukherjee
260 _c2016
300 _ap.35-40.
362 _a24 Sep
650 _aMukherjee, Ramkrishna
650 _aSocial change - India
650 _aSocial change
773 _aEconomic and Political Weekly
909 _a112433
999 _c112428
_d112428